| 000 | 00477nam a2200181Ia 4500 | ||
|---|---|---|---|
| 005 | 20241219002700.0 | ||
| 008 | 240331s9999 xx 000 0 und d | ||
| 020 | _a9559102915 | ||
| 082 |
_bSAM _26071 _a305 |
||
| 100 | _aSamuel, K | ||
| 245 | 2 |
_aA Hidden History : _bWomen's Activism for Peace in Sri Lanka 1982-2002 |
|
| 260 |
_aColombo _bSocial Scientists' Association _c2006 |
||
| 300 | _a99 p., | ||
| 650 | _aWomen | ||
| 650 | _aPeace | ||
| 650 | _aHistory | ||
| 942 | _cL | ||
| 999 |
_c1446 _d1446 |
||